Then Tày giản hạn

Giới thiệu về Then Tày giải hạn. Văn bản Then Tày giải hạn

محفوظ في:
التفاصيل البيبلوغرافية
المؤلف الرئيسي: Hoàng Triều Ân
التنسيق: كتاب
اللغة:Vietnamese
منشور في: H. Văn hoá Thông tin 2014
الموضوعات:
الوسوم: إضافة وسم
لا توجد وسوم, كن أول من يضع وسما على هذه التسجيلة!
Thư viện lưu trữ: Mạng thư viện Đại học Đà Nẵng
LEADER 01383aam a22003858a 4500
001 000020726
003 17173
005 20150331150336.0
008 150326s2014 viesd
020 |d 2000b 
041 0 |a vie 
082 0 4 |2 23  |a 398.4108995919  |b HO- 
100 1 |a Hoàng Triều Ân 
245 1 0 |a Then Tày giản hạn  |c Hoàng Triều Ân st. 
260 |a H.  |b Văn hoá Thông tin  |c 2014 
300 |a 654 tr.  |c 21 cm. 
500 |a ĐTTS ghi: Hội Văn nghệ dân gian Việt Nam 
504 |a Thư mục tr.651-654 
520 |a Giới thiệu về Then Tày giải hạn. Văn bản Then Tày giải hạn 
650 0 4 |2 Bộ TK TVQG  |a Tín ngưỡng dân gian  |x Dân tộc Tày  |z Việt Nam 
651 7 |2 Bộ TK TVQG  |a Việt Nam 
653 |a Dân tộc Tày 
653 |a Văn học dân gian 
653 |a Tín ngưỡng dân gian 
655 7 |2 Bộ TK TVQG  |a Từ điển 
OWN |a LSP 
AVA |a UDN50  |b LSP  |d 398.4108995919 HO-  |e available  |t Error 5001 Not defined in file expand_doc_bib_avail.  |f 1  |g 0  |h N  |i 0  |k 1 
999 |a From the UDN01 
AVA |a UDN50  |b LSP  |d 398.4108995919 HO-  |e available  |t Error 5001 Not defined in file expand_doc_bib_avail.  |f 1  |g 0  |h N  |i 0  |k 1 
TYP |a Monograph 
TYP |a Printed language 
980 |a Mạng thư viện Đại học Đà Nẵng